|
|
|
|
| LEADER |
02102cas a2200277 a 4500 |
| 001 |
AALejournalIMF005991 |
| 008 |
230101c9999 xx r poo 0 0eng d |
| 020 |
|
|
|c 5.00 USD
|
| 020 |
|
|
|z 9781451873245
|
| 022 |
|
|
|a 1018-5941
|
| 040 |
|
|
|a BD-DhAAL
|c BD-DhAAL
|
| 100 |
1 |
|
|a De Palma, Andre.
|
| 245 |
1 |
0 |
|a Towards a Principal-Agent Based Typology of Risks in Public-Private Partnerships /
|c Andre De Palma, Guillaume Prunier, Luc Leruth.
|
| 264 |
|
1 |
|a Washington, D.C. :
|b International Monetary Fund,
|c 2009.
|
| 300 |
|
|
|a 1 online resource (23 pages)
|
| 490 |
1 |
|
|a IMF Working Papers
|
| 500 |
|
|
|a <strong>Off-Campus Access:</strong> No User ID or Password Required
|
| 500 |
|
|
|a <strong>On-Campus Access:</strong> No User ID or Password Required
|
| 506 |
|
|
|a Electronic access restricted to authorized BRAC University faculty, staff and students
|
| 520 |
3 |
|
|a There is a strong economic rationale for close cooperation between the public and private sectors. This has resulted in a significant increase in the demand for the provision of public services through instruments combining public and private money such as public-private partnerships (PPPs or P3s). We describe these arrangements and explore how they can be analyzed using standard tools in economics (incentives and principal-agent theory). We discuss the implications of our approach in terms of identifying risks that are often overlooked before turining to the optimal risk-sharing between the public and private partners, in particular with respect to information asymmetries in risk perceptions. This allows us to propose a typology of the risks associated with PPPs, where both internal risks (the risks associated with the contract) and external risks (those associated with the project) are considered.
|
| 538 |
|
|
|a Mode of access: Internet
|
| 651 |
|
7 |
|a United States
|2 imf
|
| 700 |
1 |
|
|a Leruth, Luc.
|
| 700 |
1 |
|
|a Prunier, Guillaume.
|
| 830 |
|
0 |
|a IMF Working Papers; Working Paper ;
|v No. 2009/177
|
| 856 |
4 |
0 |
|z Full text available on IMF
|u http://elibrary.imf.org/view/journals/001/2009/177/001.2009.issue-177-en.xml
|z IMF e-Library
|